| Tag |
First Indicator |
Second Indicator |
Subfields |
| LEADER |
00000cam a2200000Ia 4500 |
| 001 |
in00003774545 |
| 005 |
20170927140632.0 |
| 008 |
861121r1986uuuumaua f 001 0 eng d |
| 035 |
|
|
|a (OCoLC)ocm14816891
|
| 035 |
|
|
|a (OCoLC)14816891
|
| 040 |
|
|
|a NFP
|b eng
|c NFP
|d OCL
|d OCLCG
|d OCLCQ
|d OCLCO
|d OCLCF
|d OCLCQ
|d OCLCO
|d OCL
|d TXA
|d UtOrBLW
|
| 049 |
|
|
|a TXAM
|
| 050 |
|
4 |
|a TH9115
|b .N28 1896
|
| 090 |
|
|
|a TH9150
|b .F45 1986
|
| 100 |
1 |
|
|a Crosby, Everett Uberto,
|d 1871-1960.
|0 http://id.loc.gov/authorities/names/n82118632
|
| 245 |
1 |
0 |
|a Hand-book of the Underwriters' Bureau of New England ... /
|c E.U. Crosby, manager.
|
| 246 |
3 |
|
|a Fire protection handbook
|
| 250 |
|
|
|a Special 90th Anniversity facsim. ed.
|
| 264 |
|
1 |
|a [Quincy, Mass.] :
|b NFPA,
|c 1986.
|
| 300 |
|
|
|a 183 pages, 9 unnumbered pages :
|b illustrations ;
|c 18 cm
|
| 336 |
|
|
|a text
|b txt
|2 rdacontent
|
| 337 |
|
|
|a unmediated
|b n
|2 rdamedia
|
| 338 |
|
|
|a volume
|b nc
|2 rdacarrier
|
| 500 |
|
|
|a Includes indexes.
|
| 500 |
|
|
|a Facsimile edition of the First Fire Protection Handbook printed in Boston, Mass. by Press of the Standard Publishing Co. in 1896.
|
| 650 |
|
0 |
|a Fire prevention
|v Handbooks, manuals, etc.
|0 http://id.loc.gov/authorities/subjects/sh2008120606
|
| 650 |
|
0 |
|a Factories
|x Design and construction.
|0 http://id.loc.gov/authorities/subjects/sh85046827
|
| 650 |
|
7 |
|a Factories
|x Design and construction.
|2 fast
|0 (OCoLC)fst00919651
|
| 650 |
|
7 |
|a Fire prevention.
|2 fast
|0 (OCoLC)fst00925460
|
| 655 |
|
7 |
|a Handbooks and manuals.
|2 fast
|0 (OCoLC)fst01423877
|
| 710 |
2 |
|
|a Underwriters' Bureau of New England.
|0 http://id.loc.gov/authorities/names/n91109294
|
| 776 |
0 |
8 |
|i Online version:
|a Crosby, Everett Uberto, 1871-1960.
|t Hand-book of the Underwriters' Bureau of New England .
|b Special 90th Anniversity facsim. ed.
|d [Quincy, Mass.] : NFPA, 1986
|w (OCoLC)844617130
|
| 994 |
|
|
|a C0
|b TXA
|
| 948 |
|
|
|a cataloged
|b h
|c 2016/7/5
|d c
|e coplinger
|f 11:20:28 am
|
| 999 |
f |
f |
|s a75ba728-8620-3b8a-815a-ad75b8f37b9c
|i 0fc1cf83-81cf-3179-b21a-17ff4d4c997c
|t 0
|
| 952 |
f |
f |
|p ric
|a Texas A&M University
|b Rellis Campus
|c Joint Library Facility
|d Remote Storage
|t 0
|e TH9150 .F45 1986
|h Library of Congress classification
|i unmediated -- volume
|m A14811276174
|
| 998 |
f |
f |
|a TH9150 .F45 1986
|t 0
|l Remote Storage
|